<?xml version="1.0" encoding="UTF-8"?>
<record
    xmlns:xsi="http://www.w3.org/2001/XMLSchema-instance"
    xsi:schemaLocation="http://www.loc.gov/MARC21/slim http://www.loc.gov/standards/marcxml/schema/MARC21slim.xsd"
    xmlns="http://www.loc.gov/MARC21/slim">

  <leader>04327cam a2200649 a 4500</leader>
  <controlfield tag="001">16223296</controlfield>
  <controlfield tag="003">QWETUIKL</controlfield>
  <controlfield tag="005">20220326193253.0</controlfield>
  <controlfield tag="008">100505s2009    bo a     b    100 0 spa  </controlfield>
  <datafield tag="010" ind1=" " ind2=" ">
    <subfield code="a">  2010386978</subfield>
  </datafield>
  <datafield tag="020" ind1=" " ind2=" ">
    <subfield code="a">9789995405847</subfield>
  </datafield>
  <datafield tag="035" ind1=" " ind2=" ">
    <subfield code="a">(BoCbLA)la000000722</subfield>
  </datafield>
  <datafield tag="035" ind1=" " ind2=" ">
    <subfield code="a">(BO-CbLA)la000000722</subfield>
  </datafield>
  <datafield tag="040" ind1=" " ind2=" ">
    <subfield code="a">DLC</subfield>
    <subfield code="c">DLC</subfield>
  </datafield>
  <datafield tag="042" ind1=" " ind2=" ">
    <subfield code="a">pcc</subfield>
  </datafield>
  <datafield tag="050" ind1="0" ind2="0">
    <subfield code="a">BH205</subfield>
    <subfield code="b">.E53 2007</subfield>
  </datafield>
  <datafield tag="082" ind1=" " ind2=" ">
    <subfield code="a">707</subfield>
    <subfield code="b">F981e</subfield>
  </datafield>
  <datafield tag="111" ind1="2" ind2=" ">
    <subfield code="a">Encuentro Est&#xE9;tica(s) Contempor&#xE1;nea(s)</subfield>
    <subfield code="d">(2007 :</subfield>
    <subfield code="c">La Paz, Bolivia)</subfield>
    <subfield code="9">782</subfield>
  </datafield>
  <datafield tag="245" ind1="1" ind2="0">
    <subfield code="a">Encuentro est&#xE9;tica(s) contempor&#xE1;nea(s).</subfield>
  </datafield>
  <datafield tag="246" ind1="3" ind2=" ">
    <subfield code="a">Encuentro est&#xE9;ticas contempor&#xE1;neas</subfield>
  </datafield>
  <datafield tag="246" ind1="3" ind2="0">
    <subfield code="a">Est&#xE9;tica(s) contempor&#xE1;nea(s).</subfield>
  </datafield>
  <datafield tag="260" ind1=" " ind2=" ">
    <subfield code="a">La Paz :</subfield>
    <subfield code="b">Fundaci&#xF3;n Sim&#xF3;n I. Pati&#xF1;o :</subfield>
    <subfield code="b">Filosof&#xED;a, Facultad de Humanidades y Ciencias de la Educaci&#xF3;n, Universidad Mayor de San Andr&#xE9;s,</subfield>
    <subfield code="c">[2009]</subfield>
  </datafield>
  <datafield tag="300" ind1=" " ind2=" ">
    <subfield code="a">267 p. :</subfield>
    <subfield code="b">ill.(some col.) ;</subfield>
    <subfield code="c">21 cm.</subfield>
  </datafield>
  <datafield tag="504" ind1=" " ind2=" ">
    <subfield code="a">Includes bibliographical references.</subfield>
  </datafield>
  <datafield tag="505" ind1=" " ind2=" ">
    <subfield code="t">Est&#xE9;tica(s) y Filosof&#xED;a -- Est&#xE9;tica y pol&#xED;tica en la filosof&#xED;a de Jacques Ranci&#xE8;re / Ricardo Arcos Palma - Resistencia y agresi&#xF3;n en la est&#xE9;tica andina /Blithz Lozada - Espistemolog&#xED;a y est&#xE9;tica india /Germ&#xE1;n Monta&#xF1;o - Filosof&#xED;a de la m&#xFA;sica. Avances contempor&#xE1;neos hacia la asignaci&#xF3;n del conceptop / Ivan Oroza - Est&#xE9;tica(s) y Literatura - Los mundos posibles de la ficci&#xF3;n / Fanny Abreg&#xFA; - Modelar versus representar / Luis Pardo - Las instancias simb&#xF3;licas de Saenz en Felipe Delgado / Adolfo C&#xE1;rdenas - &#xC9;tica y Literatura / Gilmar G. Salinas - Comentario: est&#xE9;tica y literatura / M&#xF3;nica Vel&#xE1;squez - Est&#xE9;tica(s) y Artes Visuales - La cita, el remake y la apropiaci&#xF3;n en el arte contempor&#xE1;neo / Alejandra Dorado - Carne sin verbo / Mar&#xED;a Galindo - La Est&#xE9;tica del aburrimiento o el aburrimiento de la Est&#xE9;tica - Pedro Querejazu - Culto oculto, texto curatorial / Rodrigo Rada - La soledad de la obra de arte / Marco Tonelli - Comentario: est&#xE9;ticas contempor&#xE1;neas / Ligia D`Andrea - Est&#xE9;tica(s) de la Fiesta - El lugar de las polleras: identidad y est&#xE9;tica popular en las morenadas del Gran Poder / Cleverth C&#xE1;rdenas - Fronteras est&#xE9;ticas en las fiestas de la ciudad de La Paz / Victor Hugo Ricaldi - El ser y el parecer: la est&#xE9;tica mestiza chola en la fiesta /  Beatriz Rossells - Un comentario a la mesa Est&#xE9;tica(s) de la Fiesta / Ana Rebeca Prada - Est&#xE9;tica(s) Urbana(s) - Cr&#xF3;nica de una mirada / Juan Gonzalo Ayala Veloso - La ciudad clandestina, picard&#xED;a criolla y est&#xE9;tica popular / Randolph C&#xE1;rdenas - POPCITYPOP. La ciudad como obra de arte / Carlos Villag&#xF3;mez - Est&#xE9;tica(s), Im&#xE1;genes y S&#xED;mbolos - Er&#xE9;ndira ikikunari, de Juan Mora Catlett (2006). El rescate de fuentes ancestrales en la pel&#xED;cula mexicana / Keith Richards - La negociaci&#xB4;&#xF3;n de lo est&#xE9;tico en la producci&#xF3;n audiovisual ind&#xED;gena en Bolivia / Gabriela Zamorano - Comentario a las ponencias de Keith Richards / Miriam Vargas, Gabriela Zamorano - Silvia Rivera .- </subfield>
  </datafield>
  <datafield tag="650" ind1=" " ind2="0">
    <subfield code="a">Aesthetics, Modern</subfield>
    <subfield code="y">20th century</subfield>
    <subfield code="v">Congresses</subfield>
    <subfield code="9">783</subfield>
  </datafield>
  <datafield tag="650" ind1=" " ind2="0">
    <subfield code="x">Est&#xE9;tica-siglo XX- congreso</subfield>
    <subfield code="x">filosofia-artes</subfield>
    <subfield code="x">La Paz, Bolivia mayo 2009</subfield>
    <subfield code="9">784</subfield>
  </datafield>
  <datafield tag="700" ind1=" " ind2=" ">
    <subfield code="a">Arcos Palma, Ricardo</subfield>
    <subfield code="9">3350</subfield>
  </datafield>
  <datafield tag="700" ind1=" " ind2=" ">
    <subfield code="a">Lozada, Blithz</subfield>
    <subfield code="9">3352</subfield>
  </datafield>
  <datafield tag="700" ind1=" " ind2=" ">
    <subfield code="a">Monta&#xF1;o, Germ&#xE1;n</subfield>
    <subfield code="9">3327</subfield>
  </datafield>
  <datafield tag="700" ind1=" " ind2=" ">
    <subfield code="a">Oroza, Ivan</subfield>
    <subfield code="9">3328</subfield>
  </datafield>
  <datafield tag="700" ind1=" " ind2=" ">
    <subfield code="a">Abreg&#xFA;, Fanny</subfield>
    <subfield code="9">3329</subfield>
  </datafield>
  <datafield tag="700" ind1=" " ind2=" ">
    <subfield code="a">Pardo, Luis</subfield>
    <subfield code="9">3330</subfield>
  </datafield>
  <datafield tag="700" ind1=" " ind2=" ">
    <subfield code="a">C&#xE1;rdenas, Adolfo</subfield>
    <subfield code="9">3331</subfield>
  </datafield>
  <datafield tag="700" ind1=" " ind2=" ">
    <subfield code="a">Salinas, Gilmar G.</subfield>
    <subfield code="9">3332</subfield>
  </datafield>
  <datafield tag="700" ind1=" " ind2=" ">
    <subfield code="a">Vel&#xE1;squez, M&#xF3;nica</subfield>
    <subfield code="9">3333</subfield>
  </datafield>
  <datafield tag="700" ind1=" " ind2=" ">
    <subfield code="a">Dorado, Alejandra</subfield>
    <subfield code="9">3334</subfield>
  </datafield>
  <datafield tag="700" ind1=" " ind2=" ">
    <subfield code="a">Galindo, Mar&#xED;a</subfield>
    <subfield code="9">3335</subfield>
  </datafield>
  <datafield tag="700" ind1=" " ind2=" ">
    <subfield code="a">Querejazu, Pedro</subfield>
    <subfield code="9">3336</subfield>
  </datafield>
  <datafield tag="700" ind1=" " ind2=" ">
    <subfield code="a">Rada, Rodrigo</subfield>
    <subfield code="9">3337</subfield>
  </datafield>
  <datafield tag="700" ind1=" " ind2=" ">
    <subfield code="a">Tonelli, Marco</subfield>
    <subfield code="9">3338</subfield>
  </datafield>
  <datafield tag="700" ind1=" " ind2=" ">
    <subfield code="a">D`Andrea, Ligia</subfield>
    <subfield code="9">3339</subfield>
  </datafield>
  <datafield tag="700" ind1=" " ind2=" ">
    <subfield code="a">C&#xE1;rdenas, Cleverth</subfield>
    <subfield code="9">3340</subfield>
  </datafield>
  <datafield tag="700" ind1=" " ind2=" ">
    <subfield code="a">Ricaldi, Victor Hugo</subfield>
    <subfield code="9">3341</subfield>
  </datafield>
  <datafield tag="700" ind1=" " ind2=" ">
    <subfield code="a">Rossells,Beatriz</subfield>
    <subfield code="9">3342</subfield>
  </datafield>
  <datafield tag="700" ind1=" " ind2=" ">
    <subfield code="a">Prada, Ana Rebeca</subfield>
    <subfield code="9">3343</subfield>
  </datafield>
  <datafield tag="700" ind1=" " ind2=" ">
    <subfield code="a">Ayala Veloso, Juan Gonzalo</subfield>
    <subfield code="9">3344</subfield>
  </datafield>
  <datafield tag="700" ind1=" " ind2=" ">
    <subfield code="a">C&#xE1;rdenas, Radolph</subfield>
    <subfield code="9">3345</subfield>
  </datafield>
  <datafield tag="700" ind1=" " ind2=" ">
    <subfield code="a">Villag&#xF3;mez, Carlos</subfield>
    <subfield code="9">3346</subfield>
  </datafield>
  <datafield tag="700" ind1=" " ind2=" ">
    <subfield code="a">Richards, Keith</subfield>
    <subfield code="9">3347</subfield>
  </datafield>
  <datafield tag="700" ind1=" " ind2=" ">
    <subfield code="a">Zamorano, Gabriela</subfield>
    <subfield code="9">3348</subfield>
  </datafield>
  <datafield tag="700" ind1=" " ind2=" ">
    <subfield code="a">Vargas,Miriam</subfield>
    <subfield code="9">3349</subfield>
  </datafield>
  <datafield tag="710" ind1="2" ind2=" ">
    <subfield code="a">Fondation Sim&#xF3;n I. Pati&#xF1;o.</subfield>
    <subfield code="9">785</subfield>
  </datafield>
  <datafield tag="710" ind1="2" ind2=" ">
    <subfield code="a">Universidad Mayor de San Andr&#xE9;s; </subfield>
    <subfield code="b">Carrera de Filosof&#xED;a.</subfield>
    <subfield code="9">786</subfield>
  </datafield>
  <datafield tag="906" ind1=" " ind2=" ">
    <subfield code="a">7</subfield>
    <subfield code="b">cbc</subfield>
    <subfield code="c">origres</subfield>
    <subfield code="d">3</subfield>
    <subfield code="e">ncip</subfield>
    <subfield code="f">20</subfield>
    <subfield code="g">y-gencatlg</subfield>
  </datafield>
  <datafield tag="999" ind1=" " ind2=" ">
    <subfield code="c">162</subfield>
    <subfield code="d">162</subfield>
  </datafield>
  <datafield tag="952" ind1=" " ind2=" ">
    <subfield code="0">0</subfield>
    <subfield code="1">0</subfield>
    <subfield code="2">ddc</subfield>
    <subfield code="4">0</subfield>
    <subfield code="7">0</subfield>
    <subfield code="a">LV</subfield>
    <subfield code="b">LV</subfield>
    <subfield code="c">Pensamiento</subfield>
    <subfield code="d">2014-05-23</subfield>
    <subfield code="l">0</subfield>
    <subfield code="o">707 F981e</subfield>
    <subfield code="p">000150</subfield>
    <subfield code="r">2014-05-23 00:00:00</subfield>
    <subfield code="w">2014-05-23</subfield>
    <subfield code="y">01</subfield>
  </datafield>
</record>
